000 00635nam a2200205 a 4500
001 12195
003 CO-ViMGA
008 141112s2004 ck r 000 u spa d
020 _a8428300224
040 _aCO-ViMGA
_bspa
_cCO-ViMGA
082 0 4 _a671.521 R49i
100 1 _aRivas Arias, Jose Maria
_917291
245 1 0 _aIntroduccion a la soldadura electrica
250 _a5
260 _aMadrid,
_cEd. Paraninfo S.A.,
_c1993
300 _a128 p.
590 _aForma de adquisición : COMPRA - - Precio : 46.000 - - Proveedor : FIS - - Fecha de adquisición : Sept. 23, 2000
650 1 4 _aSOLDADURA ELECTRICA
_947780
942 _2ddc
_cBK
999 _c23209
_d23209